| 000 -LEADER |
| fixed length control field |
00321nam a22001457a 4500 |
| 008 - FIXED-LENGTH DATA ELEMENTS--GENERAL INFORMATION |
| fixed length control field |
230615b ||||| |||| 00| 0 eng d |
| 020 ## - INTERNATIONAL STANDARD BOOK NUMBER |
| International Standard Book Number |
9781617314773 |
| 041 ## - LANGUAGE CODE |
| Language code of text/sound track or separate title |
eng |
| 080 ## - UNIVERSAL DECIMAL CLASSIFICATION NUMBER |
| Edition identifier |
THIRD EDITION |
| Universal Decimal Classification number |
579 |
| 082 ## - DEWEY DECIMAL CLASSIFICATION NUMBER |
| Classification number |
579LEB |
| 100 ## - Rafti |
| Rafti |
17 |
| 101 ## - Shkurtesa |
| Shkurtesa |
MKB |
| 245 ## - TITLE STATEMENT |
| Title |
MICROBIOLOGY |
| Statement of responsibility, etc |
LEBOFFE.J.M |
| 942 ## - ADDED ENTRY ELEMENTS (KOHA) |
| Source of classification or shelving scheme |
|
| Item type |
Books |